000 00431nam a22001697a 4500
003 OSt
005 20251230123125.0
008 251230b |||||||| |||| 00| 0 eng d
020 _a8185019347
040 _aLC
_cJCSC
050 _aD 756.5
_b.P35 1992
100 _aMaj Gen D.K.Palit
245 _aThe italian campaign 1943-45 /
_cPalit K.D.
260 _aDehra dun :
_bNatraj ;
_c1992.
300 _a98 pages.
942 _2lcc
_cBK
_n0
999 _c23368
_d23367